书目信息 |
| 题名: |
奥黛丽·赫本会如何做?
|
|
| 作者: | 基尔 著 ;胡成瑶 译 | |
| 分册: | ||
| 出版信息: | 上海 学林出版社 2009.01 |
|
| 页数: | 238页 | |
| 开本: | 21cm | |
| 丛书名: | ||
| 单 册: | ||
| 中图分类: | K837.12 | |
| 科图分类: | ||
| 主题词: | ||
| 电子资源: | ||
| ISBN: | 978-7-80730-657-3 | |
| 000 | 00999nam0 2200265 450 | |
| 001 | 012009295704 | |
| 005 | 20090923143227.56 | |
| 010 | @a978-7-80730-657-3@dCNY25.00 | |
| 100 | @a20090923d2009 em y0chiy0120 ea | |
| 101 | 1 | @achi@ceng |
| 102 | @aCN@b310000 | |
| 105 | @aa z 001yy | |
| 106 | @ar | |
| 200 | 1 | @a奥黛丽·赫本会如何做?@Aao dai li·he ben hui ru he zuo?@d= What would Audrey do?@f帕梅拉·基尔著@Fpa mei la·ji er zhu@g胡成瑶译@Ghu cheng yao yi@zeng |
| 210 | @a上海@c学林出版社@d2009.01 | |
| 215 | @a238页@c图@d21cm | |
| 320 | @a有索引 | |
| 330 | @a本书从时尚,社交,家庭生活,荧屏形象,以及联合国儿童基金会的工作等方面展现了赫本优雅的形象,并教导读者如何向赫本学习。 | |
| 500 | 10 | @aWhat would Audrey do?@mChinese |
| 600 | 1 | @a赫本@Ahe ben@c(Hepburn, Audrey),@f1930-1993@x生平事迹 |
| 690 | @aK837.12@v4 | |
| 701 | 1 | @a基尔@Aji er@g(Keogh, Pamela Clarke)@4著 |
| 702 | 0 | @a胡成瑶@Ahu cheng yao@4译 |
| 801 | 0 | @aCN@bQSSK@c20090923 |
| 905 | @b758503-05@dK837.12@eJ040@f3 | |
| 奥黛丽·赫本会如何做?= What would Audrey do?/帕梅拉·基尔著/胡成瑶译.-上海:学林出版社,2009.01 |
| 238页:图;21cm |
| ISBN 978-7-80730-657-3:CNY25.00 |
| 本书从时尚,社交,家庭生活,荧屏形象,以及联合国儿童基金会的工作等方面展现了赫本优雅的形象,并教导读者如何向赫本学习。 |
| ● |
| 相关链接 |
|
|
|
正题名:奥黛丽·赫本会如何做?
索取号:K837.12/J040
 
预约/预借
| 序号 | 登录号 | 条形码 | 馆藏地/架位号 | 状态 | 备注 |
| 1 | 758503 | 207585031 | 社科库309/309社科库 2排4列2层/ [索取号:K837.12/J040] | 在馆 | |
| 2 | 758504 | 207585040 | 社科库309/309社科库 2排4列2层/ [索取号:K837.12/J040] | 在馆 | |
| 3 | 758505 | 207585059 | 社科库309/309社科库 2排4列2层/ [索取号:K837.12/J040] | 在馆 |